El Problema agrario en Nicaragua
Antecedentes históricos, relaciones agrarias y estructura socioeconómica en la agricultura nicaraguense. Estudia brevemente los antecedentes históricos que han dado origen a la estructura socioeconómica de la agricultura, caracterizada por la presencia de una serie de grupos en el agro: semi-proleta...
Guardado en:
| Autor principal: | |
|---|---|
| Formato: | Texto |
| Publicado: |
Managua:
Editorial José Martí
|
| Materias: | |
| Etiquetas: |
Agregar Etiqueta
Sin Etiquetas, Sea el primero en etiquetar este registro!
|
MARC
| LEADER | 00000 a a2200000 04500 | ||
|---|---|---|---|
| 001 | 19954 | ||
| 003 | |||
| 040 | |||
| 090 | |a 081300 | ||
| 100 | |a Barahona, Amaru | ||
| 245 | |a El Problema agrario en Nicaragua | ||
| 260 | |a Managua: |b Editorial José Martí | ||
| 300 | |a 45 p. | ||
| 520 | |a Antecedentes históricos, relaciones agrarias y estructura socioeconómica en la agricultura nicaraguense. Estudia brevemente los antecedentes históricos que han dado origen a la estructura socioeconómica de la agricultura, caracterizada por la presencia de una serie de grupos en el agro: semi-proletarios, campesinos pobres, campesinos medios, burguesía rural, proletarios agrícolas, latifundistas. Señala que la única solución al problema agrario imperante es la realización de una verdadera reforma agraria, anti-feudal, anti-imperialista y democrática./ACM | ||
| 650 | |a REFORMAS AGRARIAS | ||
| 650 | |a ESTRUCTURA AGRARIA | ||
| 999 | |c 14515 |d 14515 | ||
